Fedón
Gespeichert in:
| 1. Verfasser: | |
|---|---|
| Format: | Buch |
| Sprache: | Spanisch |
| Veröffentlicht: |
Buenos Aires
Aguilar
1980
|
| Ausgabe: | 10a. ed |
| Schriftenreihe: | Iniciación Filosófica
|
| Schlagworte: | |
| Tags: |
Tag hinzufügen
Keine Tags, Fügen Sie den ersten Tag hinzu!
|
MARC
| LEADER | 00000nam a2200000 a 4500 | ||
|---|---|---|---|
| 001 | UCP1874 | ||
| 003 | CL-VaPUC | ||
| 008 | 990426e19800000AG |||||||||||||||||spa|d | ||
| 082 | 0 | 4 | |a 184 |b PLA |2 21 |
| 100 | 0 | |a Platón |e author |9 222 | |
| 245 | 1 | 0 | |a Fedón |
| 250 | |a 10a. ed | ||
| 300 | |a 148 p | ||
| 942 | |c BK | ||
| 945 | |d 19990426 00:00:00 |a lriquelm | ||
| 260 | |a Buenos Aires |b Aguilar |c 1980 | ||
| 650 | 0 | |a Filosofía |9 223554 | |
| 650 | 7 | |a INMORTALIDAD |2 CL-VaPUC |9 320467 | |
| 650 | 0 | |a Ética |9 255099 | |
| 650 | 0 | |a Discursos |9 265028 | |
| 650 | 0 | |a Alma |9 259008 | |
| 650 | 7 | |a RECURSOS LITERARIOS |2 CL-VaPUC |9 428229 | |
| 650 | 0 | |a Filosofía antigua |9 255705 | |
| 651 | 0 | |a Grecia |9 265314 | |
| 583 | |a last modification |c 19990426 00:00:00 |k Rodrigo Vera | ||
| 490 | 0 | |a Iniciación Filosófica | |
| 999 | |c 280505 |d 280503 | ||
| 952 | |0 0 |1 0 |4 0 |6 184_000000000000000_PLA_1980 |7 0 |8 A |9 320838 |a BIBHIS |b BIBHIS |d 2019-11-20 |i 1338862 |o 184 PLA 1980 |p 1338862 |r 2025-01-20 |w 2019-11-20 |y BK |k HIS | ||